000 01426nab a22002777a 4500
999 _c6405
_d6405
003 OSt
005 20260202111504.0
008 190429b xxu||||| |||| 00| 0 spa d
040 _cPJ
100 _97042
_aGastaldi, Paula
245 1 3 _aLa luz también se equivoca. Qué hechos mirar y cómo interpretar el instituto de legítima defensa en caso de mujeres con discapacidad víctimas de violencia de género /
_cPaula Gastaldi.
260 _cCiudad Autónoma de Buenos Aires :
_aThomson Reuters La Ley,
_b2023.
300 _ap. 43-51
500 _aCita Online: AR/DOC/1519/2023.
505 _aSumario: I. Presentación del fallo. Introducción.— II. Los hechos, historia procesal y resolución del tribunal.— III. La ratio decidendi. Los argumentos de la CSJN.— IV. Perspectiva de género y legítima defensa.— V. Perspectiva de la discapacidad.— VI. Bibliografía.
505 _tSi te interesa el texto completo, solicitalo a koha@justierradelfuego.gov.ar
650 0 _9343
_aDERECHO PENAL
650 0 _92913
_aHOMICIDIO
650 0 _92793
_aLEGÍTIMA DEFENSA
650 0 _92348
_aPROCESO PENAL
650 0 _93053
_aVIOLENCIA DE GÉNERO
650 0 _92903
_aABUSO SEXUAL
650 0 _93271
_aPERSONAS CON DISCAPACIDAD
773 0 _02658
_93164
_tRevista de derecho penal y criminología. Nº 7 - Agosto 2023
_dCiudad Autónoma de Buenos Aires : Thomson Reuters La Ley, 2017-
_x00347914
942 _2udc
_cANA